000
00294 a2200133 4500
001
152999
040
_c
Escola São Tomás de Aquino
100
_a
SUGAR
240
1
0
_a
Bruxa mais fada
_l
por
245
1
0
_a
Bruxa mais fada
440
1
_a
Fundamento
697
_a
*LITERATURA JUVENIL
942
_c
BK
999
_c
152999
_d
152999